| 000 | 00526nam a22001697a 4500 | ||
|---|---|---|---|
| 008 | 230614b |||||||| |||| 00| 0 eng d | ||
| 040 |
_aNational Science Library _cNational Science Library |
||
| 080 |
_aR 628.11+628.19](02) _bL6 |
||
| 245 | _aHandbook of water resources and pollution control | ||
| 260 |
_aNew York: _bVan Nostrand Reinhold Company, _c1976 |
||
| 300 | _avii, 840p. | ||
| 650 | _aScience | ||
| 653 | _aPollution | ||
| 700 | _aGehm, Harry W (Ed.) | ||
| 700 | _aBeeland, Gene V (Ed.) | ||
| 942 |
_2udc _cBK |
||
| 999 |
_c43379 _d43379 |
||